000 00395nam a2200181Ia 4500
100 _aMohan/Krishna/ Banerjee/Meera
650 _aCommunication Skill
250 _a2
942 _cBK
366 _f25
654 _acommunication skill
245 _aDeveloping communication skills
260 _bTrinity
_c2009
082 _bMOH
300 _a388
546 _aENGLISH
_cTTL
999 _c19617
_d19617